| 000 | 00457nam a2200157 a 4500 | ||
|---|---|---|---|
| 001 | 4588 | ||
| 003 | CDMR | ||
| 005 | 20130327115554.0 | ||
| 008 | 130130s2000||||||||||||||||||||||||||||d | ||
| 020 | _a8495143046 | ||
| 040 |
_aCDMR _bcat _cCDMR |
||
| 245 | 0 |
_aFrederic Ballell _b: fotoperiodista _c[textos: Rafel Torrella, Josep Maria Cadena, Jon Letamendi ... et al.] |
|
| 260 |
_aBarcelona _c2000 _bRenart |
||
| 490 | 0 |
_aMemòria fotogrà fica _v2 |
|
| 942 |
_cMON _2udc |
||
| 999 |
_c4588 _d4588 |
||